000 00382nam a2200157Ia 4500
003 GCL
040 _aGCL /
_cGCL
082 0 4 _aCH
_b833.087
_bW D
100 1 _aWALT DISNEY COMPANY
245 1 0 _aBABY GOOFY GEHT ZN BETT /
_cWALT DISNEY COMPANY
260 _a[S.N] :
_bPESTALOZZI- VERLAG ،
_c1988
650 0 4 _aREADING
650 0 4 _aCHILDREN
650 0 4 _aTALES
942 _2ddc
_cBK
999 _c18335
_d18335